000 00393nam a22001697a 4500
003 UA-OsUOA
001 2116
007 ta
008 20050721b un ||||| |||| 00| 0 ukr d
100 _aCrawford
700 _aWilliam R.
942 _cBK
040 _aUA-OsUOA
_cUA-OsUOA
_dUA-OsUOA
245 _aMilitary living's military camping & rec areas ar
_bArmy
955 _a2
650 7 _2UDC
999 _c288278
_d288278